Bylo nás pět

Hlavní autor: Poláček, Karel, 1892-1945
Další autoři: Filipovský, František, 1907-1993, Vasmut, Jiří, 1903-1958
Jazyk: Čeština
Vydáno: Praha : Supraphon, p1966
Témata:
Fyzický popis: 1 zvuková kazeta (75:20) : analog, mono
Zvukové nahrávky
Uloženo v:
LEADER 01748njm a2200433 a 4500
001 000592794
003 CZ BrMZK
005 20230328135602.0
008 020329s1966 xr f cze d
028 0 1 |a SU 5331-4801  |b Supraphon 
040 |a BOA001  |b cze 
072 7 |a 821-93  |x Literatura pro děti a mládež (beletrie)  |2 Konspekt  |9 26 
072 7 |a 821.162.3-3  |x Česká próza  |2 Konspekt  |9 25 
080 |a 821.162.3-31  |2 MRF 
080 |a (0:82-311.5)  |2 MRF 
080 |a (086.7.053.2)  |2 MRF 
080 |a (086.7)08  |2 MRF 
080 |a (086.7)  |2 MRF 
100 1 |a Poláček, Karel,  |d 1892-1945  |7 jk01100136  |4 aut 
245 1 0 |a Bylo nás pět  |h [zvukový záznam] /  |c Karel Poláček 
260 |a Praha :  |b Supraphon,  |c p1966 
300 |a 1 zvuková kazeta (75:20) :  |b analog, mono 
306 |a 011520 
500 |a Historická nahrávka Československého rozhlasu z roku 1955 
500 |a Původní fonogram p1966 Supraphon 
500 |a Práva c201 Supraphon 
505 0 0 |t My hoši, co spolu mluvíme --  |t Bitva s Hrabováky --  |t Koupání u rybníka --  |t Vánoce --  |t Biograf --  |t Cirkus 
508 |a Jiří Vasmut, rozhlasová režie 
511 0 |a František Filipovský, vypravěč 
655 7 |a české romány  |7 fd133974  |2 czenas 
655 7 |a humoristické romány  |7 fd132431  |2 czenas 
655 7 |a zvukové záznamy pro děti a mládež  |7 fd186726  |2 czenas 
655 7 |a audioknihy  |7 fd119452  |2 czenas 
655 7 |a zvukové kazety  |7 fd186720  |2 czenas 
700 1 |a Filipovský, František,  |d 1907-1993  |7 jk01031193  |4 nrt 
700 1 |a Vasmut, Jiří,  |d 1903-1958  |7 pna2009525986  |4 drt 
910 |a BOA001  |b MC-1100.344 
990 |a AV 
996 6 |b 2610157898  |c MC-1100.344  |l MZK  |r Sklad / do 24 hodin  |n 1  |p p.v.  |w 000592794  |u 000010  |a 1  |e BOA001  |j MZK50  |s P